Flagi państw Bliskiego Wschodu - Statystyki

Ogólne statystyki
  • Ten quiz został rozwiązany 22 197 razy
  • Średni wynik to 14 z 16
Statystyki odpowiedzi
Obrazkowy Odpowiedź % Poprawnych
Turcja
100%
Izrael
99%
Arabia Saudyjska
97%
Cypr
96%
Egipt
94%
Katar
94%
Iran
93%
Irak
87%
Liban
87%
Syria
84%
Bahrajn
76%
Zjednoczone Emiraty Arabskie
75%
Jemen
74%
Oman
74%
Jordania
70%
Kuwejt
68%
Nie znaleziono quizów pasujących do podanych kryteriów
Rozkład punktacji
Procent ludzi z każdym wynikiem
Percentyl według liczby udzielonych odpowiedzi
Twoja historia wyników
Nie rozwiązałeś tego quizu